• 首页
  • 本馆介绍
  • 公告通知
  • 最新文献
  • 馆藏检索
  • 电子资源
  • 读者导购
  • 参考咨询
  • 我的图书馆
  • 登录
  • 详细信息显示
  • 放入我的书架
  • 预约/预借图书
  • 作者相关作品
  • 分类相关作品
  • 丛书相关作品
  • 出版社相关作品

书目信息

  • 表格格式
  • 工作单格式
  • 卡片格式
题名:
丝路朝圣
    
 
作者: 王邦维 著
分册:  
出版信息: 北京   中华书局  2019
页数: 293页
开本: 22cm
丛书名:
单 册:
中图分类: K930.6
科图分类:
主题词: 历史地理--li shi di li--亚洲--中世纪
电子资源:
ISBN: 978-7-101-13482-7
000 00938nam0 2200253 450
001 2131048125
005 20211029202829.0
010    @a978-7-101-13482-7@dCNY29.00
100    @a20190406d2019 em y0chiy50 ea
101 0  @achi
102    @aCN@b110000
105    @aa z 000yy
106    @ar
200 1  @a丝路朝圣@Asi lu chao sheng@e玄奘与《大唐西域记》故事@f王邦维著
210    @a北京@c中华书局@d2019
215    @a293页@c图@d22cm
330    @a本系列文章以《大唐西域记》涉及到的人、事、物、历史等为切入点,以此扩展开去,介绍与梳理与此有关的中印之间、中国与中亚其他国家之间的历史往来,民间传说,文学与文化的相互影响等等。
517 1  @a玄奘与《大唐西域记》故事@Axuan zang yu da tang xi yu ji gu shi
605    @a大唐西域记@Ada tang xi yu ji@x研究
606 0  @a历史地理@Ali shi di li@y亚洲@z中世纪
690    @aK930.6@v5
701  0 @a王邦维@Awang bang wei@4著
801  0 @aCN@b百万庄@c20211029
905    @b1313223-26@dK930.6@e542@f4
    
    丝路朝圣:玄奘与《大唐西域记》故事/王邦维著.-北京:中华书局,2019
    293页:图;22cm
    
    
    ISBN 978-7-101-13482-7:CNY29.00
    本系列文章以《大唐西域记》涉及到的人、事、物、历史等为切入点,以此扩展开去,介绍与梳理与此有关的中印之间、中国与中亚其他国家之间的历史往来,民间传说,文学与文化的相互影响等等。
●
相关链接 在E读中查询图书 在五车中查询图书 在当当中查询图书 在豆瓣中查询图书


正题名:丝路朝圣     索取号:K930.6/542         预约/预借

序号 登录号 条形码 馆藏地/架位号 状态 备注
1 1313223   213132233   第二样本阅览室/ [索取号:K930.6/542] 在馆    
2 1313224   213132242   第二借阅区/ [索取号:K930.6/542] 在馆    
3 1313225   213132251   第二借阅区/ [索取号:K930.6/542] 在馆    
4 1313226   213132260   第二借阅区/ [索取号:K930.6/542] 在馆    
唐山师范学院图书馆 欢迎您!
大连网信软件有限公司© 版权所有